Дело по отношению статс-секретаря Лонгинова о представлении статского советника князя Цертелева по желанию государыни императриц...

Доступно только в Электронных читальных залах Найти на картеНа карте
RUSMARC
00003715nmc2a22002413x 450
001c5aee426-b05e-43d0-bef0-07280e5d78d4
00520250622080151.0
100##$a20241203l18381839k l0rusy0189 ca
1010#$arus
102##$aRU
105##$ay###
1222#$ad
2001#$aДело по отношению статс-секретаря Лонгинова о представлении статского советника князя Цертелева по желанию государыни императрицы к награждению знаком ордена Святой Анны 2-ой степени, императорской короной украшенный
$j4 ноября 1838 г. - 19 августа 1839 г.
215##$a36 л.
$d36,5х26 см
251##$cДело
300##$aНа обложке указано: "№1114"
371##$aДокумент не является опубликованным и широко распространяемым
461#0$10012b5b8419-5ce4-4d16-a7a3-85720a295f1f
$12001
$aКанцелярия министра народного просвещения
$1251
$cФонд
$1852
$j735
462#0$1001562cc287-b13c-4f02-8029-f81535ba1e2e
$12001
$aКанцелярия министра народного просвещения
$1251
$cОпись
$1852
$j2
801#0$aRU
$bРГИА
$c20241203
$gRCR
801#1$aRU
$bГлавНИВЦ
$c20241203
$2rusmarc
801#2$aRU
$bПБ им. Б.Н. Ельцина
$c20250622
$gRCR
$2rusmarc
850##$aРГИА
852##$aРГИА
$eФедеральное казенное учреждение "Российский государственный исторический архив" (РГИА)
$j48
937##$hРГИА
$d12420725
$aASBIBLIO_SCAN
035##$aRusGRCC00083248
856##$uhttp://readingroom.main.prlib.ru/item.aspx?id_node=n196866356&mode=full
Формат отображения